Modul galvanického oddelenia signálov

Saved in:
Bibliographic Details
Main Author: Magda, Dávid (Author)
Other Authors: Bélai, Igor (Thesis advisor)
Format: Manuscript Book
Language:Slovak
Published: Bratislava : STU v Bratislave FEI, 2022
Subjects:
Online Access:https://opac.crzp.sk/?fn=detailBiblioFormChildEMPKK&sid=85CE14C1EED0152B7831D99735B2&seo=CRZP-detail-kniha
Tags: Add Tag
No Tags, Be the first to tag this record!

MARC

LEADER 00000ntm a22000003a 4500
001 stuzp82478
003 SK-STU
005 20230301130219.7
007 ta
008 150427s2015----xo-----f-mn---000-0-slo-d
040 |a STU  |b slo 
041 0 |a slo 
044 |a xo 
100 1 |a Magda, Dávid  |u 030400  |4 aut  |U FEI Fakulta elektrotechniky a informatiky  |T FEI Ústav automobilovej mechatroniky  |X 92442  |U E400  |Y 642  |7 92442 
242 0 1 |a Signal galvanic isolation module  |y eng 
245 1 0 |a Modul galvanického oddelenia signálov 
260 |a Bratislava :  |b STU v Bratislave FEI,  |c 2022 
300 |a 63 s., príl. 
650 4 |a Adobe Eagle  |2 slo 
650 4 |a MF 634  |2 slo 
650 4 |a izolačný zosilňovač  |2 slo 
650 4 |a galvanická izolácia  |2 slo 
650 4 |a isolation amplifier  |2 eng 
650 4 |a galvanic isolation  |2 eng 
650 4 |a MF 634  |2 eng 
650 4 |a Adobe Eagle  |2 eng 
700 1 |a Bélai, Igor  |u 030400  |k Z1  |4 ths  |U FEI Fakulta elektrotechniky a informatiky  |T FEI Ústav automobilovej mechatroniky  |X 4947  |U E400  |Y 642  |7 A000004947 
856 4 |u https://opac.crzp.sk/?fn=detailBiblioFormChildEMPKK&sid=85CE14C1EED0152B7831D99735B2&seo=CRZP-detail-kniha